000 00543nam a2200205Ia 4500
003 GCL
008 140319s9999 xx 000 0 eng d
040 _aGCL /
_cGCL
082 0 4 _aCC
_b932
_bA E
100 1 _aABDELMANEIM ABOU BAKRE
245 1 0 _aL'EGYPTE ANCIENNE ET L'AFRIQUE NEGRE /
_cABDELMANEIM ABOU BAKRE
260 _aالقاهرة :
_bLA SOCIETE EL-NASR ،
_c1966
300 _a16 CM
650 0 4 _aANCIENT EGYPT
650 0 4 _aHISTORY
650 0 4 _aART- EGYPT
650 0 4 _aARCHAEOLOGY
650 0 4 _aAFRICA
942 _2ddc
_cBK
999 _c15770
_d15770